[Event "RE-2012-0-00093"]
[Site "LSS email"]
[Date "2012.03.18"]
[Round "?"]
[White "Horse, Madera"]
[Black "O'Brien, Glenn"]
[Result "0-1"]
[WhiteElo "1096"]
[BlackElo "1313"]
[PlyCount "50"]
[EventDate "2012.02.09"]
[EventType "tourn (corr)"]
[EventRounds "6"]
[EventCountry "GER"]
[SourceTitle "Telechess CBM 153"]
[Source "ChessBase"]
[SourceDate "2013.03.14"]
[SourceVersion "1"]
[SourceVersionDate "2013.03.14"]
[SourceQuality "1"]

1. e4 e5 2. Nf3 Nc6 3. Bb5 a6 4. Ba4 Nf6 5. 0-0 Be7 6. Re1 b5 7. Bb3 0-0 8. d4 d6 9. c3 Bg4 10. d5 Na5 11. Bc2 c6 12. h3 Bc8 13. b4 Nc4 14. dxc6 Qc7 15. a4 Qxc6 16. axb5 axb5 17. Rxa8 Qxa8 18. Nbd2 h6 19. Nxc4 bxc4 20. Qe2 Qa2 21. Qd2 Bd7 22. Nh2 Ra8 23. Nf1 Be6 24. Ne3 Ra7 25. Rd1 Nh5 0-1

[Event "RE-2012-0-00093"]
[Site "LSS email"]
[Date "2012.03.13"]
[Round "?"]
[White "Janicki, Michael"]
[Black "Horse, Madera"]
[Result "1-0"]
[WhiteElo "1331"]
[BlackElo "1096"]
[PlyCount "31"]
[EventDate "2012.02.09"]
[EventType "tourn (corr)"]
[EventRounds "6"]
[EventCountry "GER"]
[SourceTitle "Corr 2015"]
[Source "ChessBase"]
[SourceDate "2015.07.17"]
[SourceVersion "1"]
[SourceVersionDate "2015.07.17"]
[SourceQuality "1"]

1. d4 Nf6 2. Nc3 d5 3. Bg5 Bf5 4. f3 c5 5. dxc5 d4 6. e4 dxe3 7. Qxd8+ Kxd8 8. 0-0-0+ Kc8 9. Bxe3 Nc6 10. g4 Bg6 11. Nge2 Nb4 12. Rd2 e6 13. Nf4 Be7 14. h4 h5 15. g5 Nd7 16. a3 1-0

[Event "SE-2012-0-00102"]
[Site "LSS email"]
[Date "2012.03.12"]
[Round "?"]
[White "Grimm, Wolfgang"]
[Black "Horse, Madera"]
[Result "1-0"]
[WhiteElo "1279"]
[BlackElo "1081"]
[PlyCount "35"]
[EventDate "2012.01.20"]
[EventType "tourn (corr)"]
[EventRounds "6"]
[EventCountry "GER"]
[SourceTitle "Telechess CBM 153"]
[Source "ChessBase"]
[SourceDate "2013.03.14"]
[SourceVersion "1"]
[SourceVersionDate "2013.03.14"]
[SourceQuality "1"]

1. Nf3 d5 2. e3 Nf6 3. Nc3 Bf5 4. Be2 Nc6 5. 0-0 e5 6. Bb5 Bd6 7. Nd4 exd4 8. Bxc6+ bxc6 9. exd4 0-0 10. d3 Re8 11. Bg5 Rb8 12. Na4 h6 13. Bh4 Bf4 14. g3 Bd6 15. Qf3 Qd7 16. Bxf6 Bg4 17. Qg2 Bh3 18. Qf3 1-0

[Event "SE-2012-0-00102"]
[Site "LSS email"]
[Date "2012.03.09"]
[Round "?"]
[White "Horse, Madera"]
[Black "Bichik, Aleksandr Mihail"]
[Result "0-1"]
[WhiteElo "1081"]
[BlackElo "1713"]
[PlyCount "56"]
[EventDate "2012.01.20"]
[EventType "tourn (corr)"]
[EventRounds "6"]
[EventCountry "GER"]
[SourceTitle "Telechess CBM 153"]
[Source "ChessBase"]
[SourceDate "2013.03.14"]
[SourceVersion "1"]
[SourceVersionDate "2013.03.14"]
[SourceQuality "1"]

1. e4 c5 2. Nf3 d6 3. d4 cxd4 4. Nxd4 Nf6 5. Nc3 g6 6. Bg5 Bg7 7. Bb5+ Bd7 8. Qe2 Nc6 9. 0-0-0 a6 10. Bxc6 Bxc6 11. Nxc6 bxc6 12. e5 Nd5 13. Nxd5 cxd5 14. exd6 Qxd6 15. Rxd5 Qc7 16. Rhd1 Rb8 17. c3 0-0 18. Qxe7 Qb6 19. Qa3 Qxf2 20. g3 Qxh2 21. Bf4 Bh6 22. Bxh6 Qxh6+ 23. Kb1 Qe3 24. R5d3 Qe6 25. Qc5 Rfe8 26. Qc7 Qf5 27. Qd7 Re2 28. b4 Qf2 0-1

[Event "OP-2012-0-02082"]
[Site "LSS email"]
[Date "2012.02.26"]
[Round "?"]
[White "Horse, Madera"]
[Black "Kaczmarczyk, Marcin"]
[Result "0-1"]
[WhiteElo "1078"]
[BlackElo "800"]
[PlyCount "76"]
[EventDate "2012.02.22"]
[EventType "tourn (corr)"]
[EventRounds "4"]
[EventCountry "GER"]
[SourceTitle "Corr 2015"]
[Source "ChessBase"]
[SourceDate "2015.07.17"]
[SourceVersion "1"]
[SourceVersionDate "2015.07.17"]
[SourceQuality "1"]

1. e4 e5 2. Nf3 Nc6 3. Bb5 Nd4 4. Nxd4 exd4 5. 0-0 Bc5 6. Qg4 Kf8 7. Qh5 Qe7 8. d3 Nf6 9. Qh4 c6 10. Bc4 d5 11. exd5 Nxd5 12. Qxe7+ Kxe7 13. Bxd5 cxd5 14. Re1+ Be6 15. Nd2 Rhe8 16. Nb3 Bb6 17. Bf4 f6 18. Re2 a5 19. Rae1 Kf7 20. Bd6 Rac8 21. a4 Rc6 22. Ba3 g5 23. f3 h5 24. Kf1 Rec8 25. h3 h4 26. Kg1 Bc7 27. Nxd4 Bb6 28. c3 Bxd4+ 29. cxd4 b6 30. Kf2 Bf5 31. Rd2 Kg6 32. Re7 Rc1 33. Bd6 R8c2 34. Ke2 Rc6 35. Ba3 Rg1 36. Kf2 Rcc1 37. Ree2 Rb1 38. Bd6 Bd7 0-1

[Event "BI-2011-F-00017"]
[Site "LSS email"]
[Date "2012.02.12"]
[Round "?"]
[White "Horse, Madera"]
[Black "Lizorkina, Veronika"]
[Result "0-1"]
[WhiteElo "1081"]
[BlackElo "2092"]
[PlyCount "82"]
[EventDate "2012.02.15"]
[EventType "tourn (corr)"]
[EventRounds "10"]
[EventCountry "GER"]
[SourceTitle "Telechess CBM 165"]
[Source "ChessBase"]
[SourceDate "2015.03.11"]
[SourceVersion "1"]
[SourceVersionDate "2015.03.11"]
[SourceQuality "1"]

1. e4 c5 2. Nc3 Nc6 3. Bc4 e6 4. Nf3 Nf6 5. d3 d5 6. Bb5 Be7 7. e5 Nd7 8. 0-0 Nd4 9. Nxd4 cxd4 10. Ne2 Qb6 11. a4 0-0 12. Bxd7 Bxd7 13. a5 Qc5 14. b3 Qc7 15. Bb2 Qxe5 16. Bxd4 Qh5 17. Ng3 Qxd1 18. Rfxd1 f6 19. f4 Bd6 20. Rf1 Rfd8 21. Rf2 Rdc8 22. c4 b5 23. axb6 axb6 24. Rfa2 Rxa2 25. Rxa2 dxc4 26. dxc4 b5 27. Be3 bxc4 28. bxc4 Bf8 29. Rc2 Kf7 30. Kf2 Ba4 31. Rc1 Bc6 32. Ra1 Be8 33. Rc1 Ra8 34. Ne2 Ra2 35. g4 Bd7 36. Rb1 Bc8 37. Rb6 e5 38. h3 Ba6 39. Rc6 Ke8 40. fxe5 Kd7 41. Rxa6 Rxa6 0-1

[Event "BI-2011-F-00017"]
[Site "LSS email"]
[Date "2012.02.12"]
[Round "?"]
[White "Horse, Madera"]
[Black "Nicolaescu, Nicolae"]
[Result "0-1"]
[WhiteElo "1081"]
[BlackElo "1622"]
[PlyCount "40"]
[EventDate "2012.02.15"]
[EventType "tourn (corr)"]
[EventRounds "10"]
[EventCountry "GER"]
[SourceTitle "Telechess CBM 165"]
[Source "ChessBase"]
[SourceDate "2015.03.11"]
[SourceVersion "1"]
[SourceVersionDate "2015.03.11"]
[SourceQuality "1"]

1. e4 c5 2. Nc3 Nc6 3. Bc4 g6 4. d3 Bg7 5. Nge2 e6 6. Be3 d6 7. d4 cxd4 8. Nxd4 Nge7 9. Ndb5 0-0 10. Nxd6 Qa5 11. Qd2 Rd8 12. 0-0-0 Be5 13. Ncb5 a6 14. Qxa5 Nxa5 15. Bb6 axb5 16. Bxd8 Bxd6 17. Rxd6 Nxc4 18. Bxe7 Nxd6 19. Bxd6 Rxa2 20. Rd1 Ra1+ 0-1

[Event "BI-2011-F-00017"]
[Site "LSS email"]
[Date "2012.02.12"]
[Round "?"]
[White "Zeidan, Mohammad"]
[Black "Horse, Madera"]
[Result "0-1"]
[WhiteElo "1363"]
[BlackElo "1081"]
[PlyCount "48"]
[EventDate "2012.02.15"]
[EventType "tourn (corr)"]
[EventRounds "10"]
[EventCountry "GER"]
[SourceTitle "Telechess CBM 165"]
[Source "ChessBase"]
[SourceDate "2015.03.11"]
[SourceVersion "1"]
[SourceVersionDate "2015.03.11"]
[SourceQuality "1"]

1. Nf3 f5 2. d4 Nf6 3. c4 e6 4. Nc3 Bb4 5. Bd2 0-0 6. e3 b6 7. Bd3 Bb7 8. 0-0 d6 9. Rc1 Bxc3 10. Bxc3 Ne4 11. Be1 Nd7 12. Nd2 Qg5 13. f4 Qg6 14. Nxe4 fxe4 15. Bb1 Rf5 16. b4 Nf6 17. a4 Rf8 18. c5 bxc5 19. bxc5 Ba6 20. Rf2 Ng4 21. Bxe4 Qh5 22. h3 Nxf2 23. Bxf2 Qxd1+ 24. Rxd1 R5f7 0-1

[Event "RE-2012-0-00089"]
[Site "LSS email"]
[Date "2012.02.10"]
[Round "?"]
[White "Loktayev, Vladislav"]
[Black "Horse, Madera"]
[Result "1-0"]
[WhiteElo "1337"]
[BlackElo "1278"]
[PlyCount "39"]
[EventDate "2012.01.09"]
[EventType "tourn (corr)"]
[EventRounds "6"]
[EventCountry "GER"]
[SourceTitle "Telechess CBM 157"]
[Source "ChessBase"]
[SourceDate "2013.11.12"]
[SourceVersion "1"]
[SourceVersionDate "2013.11.12"]
[SourceQuality "1"]

1. d4 Nf6 2. c4 Nc6 3. Nc3 e5 4. d5 Ne7 5. Nf3 Ng6 6. h4 d6 7. h5 Nf4 8. Bxf4 exf4 9. Qd4 Bg4 10. h6 gxh6 11. Qxf4 Qe7 12. 0-0-0 0-0-0 13. Qd4 Kb8 14. Nb5 b6 15. Rd3 Bg7 16. Ra3 a5 17. Rxa5 bxa5 18. Qa7+ Kc8 19. Qa8+ Kd7 20. Qc6+ 1-0

[Event "ZL-2012-0-01086"]
[Site "LSS email"]
[Date "2012.02.03"]
[Round "?"]
[White "Horse, Madera"]
[Black "Leonov, Aleksandr"]
[Result "1-0"]
[WhiteElo "1278"]
[BlackElo "1136"]
[PlyCount "67"]
[EventDate "2012.01.31"]
[EventType "match (corr)"]
[EventRounds "2"]
[EventCountry "GER"]
[SourceTitle "Telechess CBM 157"]
[Source "ChessBase"]
[SourceDate "2013.11.12"]
[SourceVersion "1"]
[SourceVersionDate "2013.11.12"]
[SourceQuality "1"]

1. d4 d5 2. e3 Nf6 3. Bd3 g6 4. Nd2 Bg7 5. f4 e6 6. Ngf3 0-0 7. Qe2 Nc6 8. c3 Bd7 9. e4 dxe4 10. Nxe4 Ne7 11. Nxf6+ Bxf6 12. 0-0 b6 13. Ne5 Nf5 14. b3 c5 15. dxc5 bxc5 16. Rd1 Nd6 17. Bxg6 fxg6 18. Rxd6 Bxe5 19. Qxe5 Rf5 20. Qe4 Rc8 21. Bb2 Qc7 22. Rad1 Rf7 23. c4 Rd8 24. Qe5 Kf8 25. R1d3 Ke8 26. Ba3 Rf5 27. Qh8+ Ke7 28. Qxh7+ Ke8 29. Qxg6+ Ke7 30. g4 Rxf4 31. Qg5+ Rf6 32. Bxc5 Kf7 33. Bd4 e5 34. Rxf6+ 1-0

[Event "RE-2012-0-00089"]
[Site "LSS email"]
[Date "2012.02.03"]
[Round "?"]
[White "Horse, Madera"]
[Black "Perepechenko, Vladislav"]
[Result "0-1"]
[WhiteElo "1278"]
[BlackElo "1532"]
[PlyCount "42"]
[EventDate "2012.01.09"]
[EventType "tourn (corr)"]
[EventRounds "6"]
[EventCountry "GER"]
[SourceTitle "Telechess CBM 155"]
[Source "ChessBase"]
[SourceDate "2013.07.16"]
[SourceVersion "1"]
[SourceVersionDate "2013.07.16"]
[SourceQuality "1"]

1. d4 Nf6 2. e3 d5 3. Bd3 c5 4. c3 Nc6 5. Nd2 e5 6. dxe5 Nxe5 7. Be2 Bd6 8. Ngf3 0-0 9. Nxe5 Bxe5 10. Nf3 Bc7 11. 0-0 Qd6 12. h3 Ne4 13. Qb3 c4 14. Qb5 a6 15. Qb4 Qd7 16. Nd4 a5 17. Qa3 Bd6 18. b4 Qe7 19. Nb5 Ra6 20. Nxd6 Rxd6 21. bxa5 Bxh3 0-1

[Event "SE-2011-0-00098"]
[Site "LSS email"]
[Date "2012.01.19"]
[Round "?"]
[White "Horse, Madera"]
[Black "Pons, Francisco"]
[Result "1-0"]
[WhiteElo "1078"]
[BlackElo "1141"]
[PlyCount "63"]
[EventDate "2011.12.01"]
[EventType "tourn (corr)"]
[EventRounds "6"]
[EventCountry "GER"]
[SourceTitle "Telechess CBM 155"]
[Source "ChessBase"]
[SourceDate "2013.07.16"]
[SourceVersion "1"]
[SourceVersionDate "2013.07.16"]
[SourceQuality "1"]

1. e4 c5 2. Nf3 Nc6 3. d4 cxd4 4. Nxd4 Nf6 5. Nc3 e5 6. Ndb5 d6 7. Bg5 Be7 8. Bxf6 Bxf6 9. Nd5 0-0 10. c3 Be6 11. Nxd6 Bxd5 12. Qxd5 Ne7 13. Qc5 b6 14. Qa3 Ng6 15. Nf5 Qc7 16. Ne3 Rad8 17. Nd5 Qc6 18. Qxa7 Bg5 19. h4 Nxh4 20. Qxb6 Qxb6 21. Nxb6 Bd2+ 22. Ke2 Ng6 23. Rd1 Bh6 24. Nd7 Rfe8 25. a4 Nf4+ 26. Kf3 Ne6 27. Bb5 Ng5+ 28. Ke2 Nxe4 29. a5 Bg5 30. Bc6 Re7 31. Nf6+ Nxf6 32. Rxd8+ 1-0

[Event "RE-2011-0-00086"]
[Site "LSS email"]
[Date "2012.01.18"]
[Round "?"]
[White "Horse, Madera"]
[Black "Evtyugin, Yury Alekseevich"]
[Result "1-0"]
[WhiteElo "1278"]
[BlackElo "1051"]
[PlyCount "67"]
[EventDate "2011.12.27"]
[EventType "tourn (corr)"]
[EventRounds "6"]
[EventCountry "GER"]
[SourceTitle "Telechess CBM 157"]
[Source "ChessBase"]
[SourceDate "2013.11.12"]
[SourceVersion "1"]
[SourceVersionDate "2013.11.12"]
[SourceQuality "1"]

1. e4 e5 2. Nf3 Nc6 3. Bb5 a6 4. Ba4 d6 5. Bxc6+ bxc6 6. Nc3 Nf6 7. 0-0 Bg4 8. h3 Bh5 9. d3 Be7 10. b3 0-0 11. Bb2 Nd7 12. Qe2 f6 13. Rad1 Nc5 14. d4 exd4 15. Rxd4 Ne6 16. Rd2 Nf4 17. Qc4+ Kh8 18. Nd4 c5 19. Nc6 Qd7 20. Nd5 Nxd5 21. exd5 Rfe8 22. Qh4 Bg6 23. f3 a5 24. Re1 Bf8 25. Rxe8 Qxe8 26. Kf1 Qf7 27. a4 Qd7 28. Bc3 Be7 29. Qe1 Re8 30. Qe6 Qxe6 31. dxe6 Bf8 32. Re2 Bf5 33. e7 Bxe7 34. Bxa5 1-0

[Event "ZL-2012-0-01072"]
[Site "LSS email"]
[Date "2012.01.18"]
[Round "?"]
[White "Horse, Madera"]
[Black "Lewis, Jerome A"]
[Result "1-0"]
[WhiteElo "1278"]
[BlackElo "1061"]
[PlyCount "76"]
[EventDate "2012.01.12"]
[EventType "match (corr)"]
[EventRounds "2"]
[EventCountry "GER"]
[SourceTitle "Telechess CBM 157"]
[Source "ChessBase"]
[SourceDate "2013.11.12"]
[SourceVersion "1"]
[SourceVersionDate "2013.11.12"]
[SourceQuality "1"]

1. e4 Nf6 2. e5 Nd5 3. Nc3 e6 4. Nxd5 exd5 5. Qf3 d4 6. Qe4 Nc6 7. Nf3 Bc5 8. Bb5 Qe7 9. Bxc6 bxc6 10. Nxd4 0-0 11. Nf3 d5 12. Qa4 Bd7 13. 0-0 Bb6 14. b3 c5 15. Qf4 h6 16. d3 Qe6 17. Bb2 a5 18. c4 a4 19. cxd5 Qxd5 20. Qc4 Bc6 21. Qxd5 Bxd5 22. Nd2 Ba5 23. Nc4 axb3 24. axb3 Bb4 25. f4 Rad8 26. f5 Rd7 27. Ra7 Rfd8 28. h3 Bxc4 29. dxc4 Rd3 30. Rxc7 Rxb3 31. Ba1 Re3 32. e6 f6 33. Kh2 Rd2 34. Rf4 h5 35. Rc8+ Kh7 36. Rh4 g6 37. Rxh5+ gxh5 38. Bxf6 Rxg2+ 1-0

[Event "OP-2012-0-02009"]
[Site "LSS email"]
[Date "2012.01.18"]
[Round "?"]
[White "Horse, Madera"]
[Black "Van der Stappen, Michel"]
[Result "0-1"]
[WhiteElo "1278"]
[BlackElo "2122"]
[PlyCount "42"]
[EventDate "2012.01.16"]
[EventType "tourn (corr)"]
[EventRounds "4"]
[EventCountry "GER"]
[SourceTitle "Telechess CBM 155"]
[Source "ChessBase"]
[SourceDate "2013.07.16"]
[SourceVersion "1"]
[SourceVersionDate "2013.07.16"]
[SourceQuality "1"]

1. e4 e6 2. Nf3 d5 3. e5 c5 4. b3 Nc6 5. Bb2 Nge7 6. Bb5 a6 7. Bxc6+ Nxc6 8. 0-0 Qc7 9. c4 d4 10. Qe2 f5 11. exf6 gxf6 12. Ne1 Bd6 13. f4 b6 14. Nd3 0-0 15. Na3 Kh8 16. Rae1 Rg8 17. Nc2 Bb7 18. Rf2 e5 19. fxe5 Nxe5 20. Nxe5 Bxe5 21. Qh5 Rg5 0-1

[Event "OP-2012-0-02009"]
[Site "LSS email"]
[Date "2012.01.18"]
[Round "?"]
[White "Horse, Madera"]
[Black "Verich, Oleg"]
[Result "1-0"]
[WhiteElo "1278"]
[BlackElo "1106"]
[PlyCount "59"]
[EventDate "2012.01.16"]
[EventType "tourn (corr)"]
[EventRounds "4"]
[EventCountry "GER"]
[SourceTitle "Telechess CBM 157"]
[Source "ChessBase"]
[SourceDate "2013.11.12"]
[SourceVersion "1"]
[SourceVersionDate "2013.11.12"]
[SourceQuality "1"]

1. e4 e5 2. Nf3 Nf6 3. d4 exd4 4. e5 Ne4 5. Qxd4 d5 6. exd6 Nxd6 7. Nc3 Nc6 8. Qf4 Be6 9. Be3 Be7 10. 0-0-0 0-0 11. Bb5 Bd7 12. Bd3 Bf6 13. Ne4 Nxe4 14. Qxe4 g6 15. Rhe1 Re8 16. Qf4 Ne5 17. Be4 Nc4 18. Bd4 Bxd4 19. Nxd4 Nd6 20. Bd5 Rxe1 21. Rxe1 Rb8 22. Re3 Nf5 23. Nxf5 Bxf5 24. Bxf7+ Kxf7 25. g4 Qd7 26. gxf5 gxf5 27. Qc4+ Kf6 28. Qh4+ Kg6 29. Rg3+ Kf7 30. Qxh7+ 1-0

[Event "OP-2012-0-02009"]
[Site "LSS email"]
[Date "2012.01.18"]
[Round "?"]
[White "Tittarelli, Adriano"]
[Black "Horse, Madera"]
[Result "0-1"]
[WhiteElo "1058"]
[BlackElo "1278"]
[PlyCount "106"]
[EventDate "2012.01.16"]
[EventType "tourn (corr)"]
[EventRounds "4"]
[EventCountry "GER"]
[SourceTitle "Telechess CBM 155"]
[Source "ChessBase"]
[SourceDate "2013.07.16"]
[SourceVersion "1"]
[SourceVersionDate "2013.07.16"]
[SourceQuality "1"]

1. d4 Nf6 2. Bf4 e6 3. e3 b6 4. Nf3 Bb7 5. Nbd2 Bd6 6. Bxd6 cxd6 7. Be2 Qc7 8. c3 0-0 9. 0-0 Re8 10. Rc1 a6 11. a3 Nc6 12. h3 Rac8 13. Bd3 e5 14. dxe5 dxe5 15. Ne4 Nxe4 16. Bxe4 Na5 17. Bxb7 Qxb7 18. Qa4 Nc4 19. Rc2 b5 20. Qb3 d5 21. Rd1 Qc6 22. Nd2 Red8 23. Qa2 Qg6 24. Qb1 h6 25. Nxc4 dxc4 26. Rcc1 Rd3 27. Rxd3 cxd3 28. Rd1 e4 29. Qc1 Rc5 30. Rd2 Rg5 31. Qf1 Rd5 32. f4 Rd7 33. g4 f5 34. Qg2 Rd6 35. gxf5 Qxf5 36. Kh2 Kh7 37. Qg4 Qxg4 38. hxg4 g5 39. f5 Kg7 40. Kg3 Kf6 41. Kh3 a5 42. Kg3 Rd7 43. Kh3 Rh7 44. Kg3 h5 45. Rh2 Rd7 46. Rd2 hxg4 47. Kxg4 Rh7 48. Kg3 Rh1 49. Kg2 Rc1 50. Kf2 Rc2 51. Ke1 Rxd2 52. Kxd2 g4 53. b4 g3 0-1

[Event "RE-2011-0-00086"]
[Site "LSS email"]
[Date "2012.01.18"]
[Round "?"]
[White "Van Dijk, Edgar"]
[Black "Horse, Madera"]
[Result "0-1"]
[WhiteElo "1140"]
[BlackElo "1278"]
[PlyCount "56"]
[EventDate "2011.12.27"]
[EventType "tourn (corr)"]
[EventRounds "6"]
[EventCountry "GER"]
[SourceTitle "Telechess CBM 155"]
[Source "ChessBase"]
[SourceDate "2013.07.16"]
[SourceVersion "1"]
[SourceVersionDate "2013.07.16"]
[SourceQuality "1"]

1. d4 Nf6 2. Nf3 e6 3. Bf4 b6 4. e3 Bb7 5. Nbd2 Be7 6. Bd3 Nh5 7. Be5 f6 8. Bg3 f5 9. 0-0 0-0 10. Re1 Nxg3 11. hxg3 c5 12. c3 Nc6 13. e4 cxd4 14. Nxd4 Nxd4 15. cxd4 fxe4 16. Bxe4 Bxe4 17. Rxe4 Rc8 18. Rc1 Rxc1 19. Qxc1 Qa8 20. Re2 Rc8 21. Qd1 Qd5 22. Nb3 Bf6 23. f3 a5 24. Rd2 Rc4 25. Rc2 a4 26. Rxc4 Qxc4 27. Nd2 Bxd4+ 28. Kh2 Qd5 0-1

[Event "OP-2012-0-02005"]
[Site "LSS email"]
[Date "2012.01.17"]
[Round "?"]
[White "Horse, Madera"]
[Black "Blittkowsky, Ralf"]
[Result "0-1"]
[WhiteElo "1081"]
[BlackElo "1783"]
[PlyCount "42"]
[EventDate "2012.01.13"]
[EventType "tourn (corr)"]
[EventRounds "4"]
[EventCountry "GER"]
[SourceTitle "Telechess CBM 153"]
[Source "ChessBase"]
[SourceDate "2013.03.14"]
[SourceVersion "1"]
[SourceVersionDate "2013.03.14"]
[SourceQuality "1"]

1. e4 Nf6 2. e5 Nd5 3. Nc3 Nxc3 4. dxc3 Nc6 5. Nf3 d6 6. Bb5 g6 7. exd6 cxd6 8. 0-0 Bg7 9. Re1 0-0 10. Bg5 Re8 11. Qd5 Qb6 12. Be3 Qc7 13. Nd4 e6 14. Qg5 e5 15. Nb3 a6 16. Bd3 Ne7 17. c4 Nf5 18. Bxf5 Bxf5 19. Nd2 Bxc2 20. Rac1 Bd3 21. b3 Qa5 0-1

[Event "OP-2012-0-02005"]
[Site "LSS email"]
[Date "2012.01.17"]
[Round "?"]
[White "Horse, Madera"]
[Black "Kaloev, Todor"]
[Result "1-0"]
[WhiteElo "1081"]
[BlackElo "1678"]
[PlyCount "43"]
[EventDate "2012.01.13"]
[EventType "tourn (corr)"]
[EventRounds "4"]
[EventCountry "GER"]
[SourceTitle "Telechess CBM 153"]
[Source "ChessBase"]
[SourceDate "2013.03.14"]
[SourceVersion "1"]
[SourceVersionDate "2013.03.14"]
[SourceQuality "1"]

1. e4 e5 2. Nf3 Nc6 3. Bb5 a6 4. Ba4 Nf6 5. 0-0 b5 6. Bb3 Bb7 7. Re1 Bc5 8. c3 d6 9. d4 Bb6 10. a4 b4 11. d5 Na5 12. cxb4 Nxb3 13. Qxb3 Ng4 14. Re2 Qf6 15. a5 Bxf2+ 16. Rxf2 Nxf2 17. Qa4+ c6 18. dxc6 Nh3+ 19. gxh3 Bc8 20. Kf2 0-0 21. Nc3 Bxh3 22. Nd5 1-0

[Event "OP-2012-0-02005"]
[Site "LSS email"]
[Date "2012.01.17"]
[Round "?"]
[White "Molina, Vicente Andres"]
[Black "Horse, Madera"]
[Result "0-1"]
[WhiteElo "867"]
[BlackElo "1081"]
[PlyCount "66"]
[EventDate "2012.01.13"]
[EventType "tourn (corr)"]
[EventRounds "4"]
[EventCountry "GER"]
[SourceTitle "Telechess CBM 153"]
[Source "ChessBase"]
[SourceDate "2013.03.14"]
[SourceVersion "1"]
[SourceVersionDate "2013.03.14"]
[SourceQuality "1"]

1. e4 c5 2. Nf3 Nc6 3. Bc4 e6 4. d4 cxd4 5. Nxd4 Qh4 6. Nc3 Bb4 7. 0-0 Bxc3 8. bxc3 Qxe4 9. Re1 Qg6 10. Nb5 Kf8 11. Qd6+ Nge7 12. Ba3 Kg8 13. Re3 h6 14. Rg3 Nf5 15. Rxg6 Nxd6 16. Rxg7+ Kxg7 17. Nxd6 Rg8 18. Be2 b6 19. c4 Ba6 20. Bb2+ f6 21. Kf1 Kg6 22. Bd3+ f5 23. g4 Ne7 24. gxf5+ Nxf5 25. Ke2 Kh5 26. Nxf5 exf5 27. Bd4 Rg4 28. Be3 Bxc4 29. Rd1 Rag8 30. h3 Rh4 31. Kd2 Bxd3 32. cxd3 d5 33. Rc1 d4 0-1

[Event "ZL-2012-0-01068"]
[Site "LSS email"]
[Date "2012.01.13"]
[Round "?"]
[White "Horse, Madera"]
[Black "Bichik, Aleksandr Mihail"]
[Result "1/2-1/2"]
[WhiteElo "1278"]
[BlackElo "1544"]
[PlyCount "100"]
[EventDate "2012.01.10"]
[EventType "match (corr)"]
[EventRounds "2"]
[EventCountry "GER"]
[SourceTitle "Telechess CBM 155"]
[Source "ChessBase"]
[SourceDate "2013.07.16"]
[SourceVersion "1"]
[SourceVersionDate "2013.07.16"]
[SourceQuality "1"]

1. e4 e5 2. Nf3 Nf6 3. d4 Nxe4 4. Bd3 d5 5. Nxe5 Bd6 6. 0-0 0-0 7. Nd2 Nxd2 8. Bxd2 Qh4 9. f4 Nd7 10. Qe1 Qxe1 11. Raxe1 Nf6 12. Rf2 Re8 13. Rfe2 Ne4 14. Nc4 Bf8 15. Bc1 Bg4 16. Re3 Bf5 17. Nd2 c5 18. c3 cxd4 19. cxd4 Rac8 20. Nxe4 Bxe4 21. Bd2 f5 22. Bb5 Red8 23. Ba5 b6 24. Bc3 Bd6 25. g3 h6 26. Kf2 g5 27. fxg5 hxg5 28. Ba6 Rc7 29. R3e2 Kf7 30. Kf1 Rh8 31. Kg1 Kf6 32. Bd2 Kg6 33. Rf1 Rh3 34. a3 Rh8 35. Bb4 Bxb4 36. axb4 Rb8 37. Re3 b5 38. Rc3 Rc4 39. Rxc4 bxc4 40. b5 Kf6 41. Rf2 Bd3 42. Rd2 Re8 43. Bb7 Ke6 44. Rd1 Re7 45. Re1+ Be4 46. Bc8+ Kf6 47. Ra1 Bd3 48. Ra6+ Kg7 49. Re6 Rxe6 50. Bxe6 Be4 1/2-1/2

[Event "OP-2012-0-01994"]
[Site "LSS email"]
[Date "2012.01.11"]
[Round "?"]
[White "Andraschko, Felix"]
[Black "Horse, Madera"]
[Result "1-0"]
[WhiteElo "2179"]
[BlackElo "1278"]
[PlyCount "29"]
[EventDate "2012.01.07"]
[EventType "tourn (corr)"]
[EventRounds "4"]
[EventCountry "GER"]
[SourceTitle "Corr 2015"]
[Source "ChessBase"]
[SourceDate "2015.07.17"]
[SourceVersion "1"]
[SourceVersionDate "2015.07.17"]
[SourceQuality "1"]

1. Nf3 d5 2. d4 Nf6 3. c4 e6 4. Nc3 c6 5. e3 Nbd7 6. Bd3 dxc4 7. Bxc4 b5 8. Bd3 a6 9. e4 c5 10. d5 exd5 11. e5 Ng4 12. Bg5 Qa5 13. Bf5 Nb6 14. e6 Bxe6 15. Qe2 1-0

[Event "OP-2011-0-01944"]
[Site "LSS email"]
[Date "2011.12.17"]
[Round "?"]
[White "Bester, Kazimierz"]
[Black "Horse, Madera"]
[Result "0-1"]
[WhiteElo "706"]
[BlackElo "1417"]
[PlyCount "58"]
[EventDate "2011.12.14"]
[EventType "tourn (corr)"]
[EventRounds "4"]
[EventCountry "GER"]
[SourceTitle "Telechess CBM 157"]
[Source "ChessBase"]
[SourceDate "2013.11.12"]
[SourceVersion "1"]
[SourceVersionDate "2013.11.12"]
[SourceQuality "1"]

1. d4 Nf6 2. e3 e6 3. c3 c5 4. Nf3 b6 5. Nbd2 Bb7 6. Be2 Nc6 7. Ne5 d6 8. Nef3 Be7 9. 0-0 0-0 10. Ne1 e5 11. Ndf3 e4 12. Nd2 d5 13. f4 Qd7 14. Nb3 a5 15. a4 Ba6 16. Bxa6 Rxa6 17. Qe2 Raa8 18. Qb5 c4 19. Nd2 Qb7 20. h3 Na7 21. Nxe4 Nxe4 22. Nf3 Nxb5 23. axb5 Qd7 24. Ne5 Qxb5 25. Ra3 Bxa3 26. bxa3 Qb3 27. Nd7 Ng3 28. Rf3 Qd1+ 29. Kh2 Ne2 0-1

[Event "OP-2011-0-01944"]
[Site "LSS email"]
[Date "2011.12.17"]
[Round "?"]
[White "Horse, Madera"]
[Black "Andraschko, Felix"]
[Result "0-1"]
[WhiteElo "1417"]
[BlackElo "2166"]
[PlyCount "34"]
[EventDate "2011.12.14"]
[EventType "tourn (corr)"]
[EventRounds "4"]
[EventCountry "GER"]
[SourceTitle "Corr 2015"]
[Source "ChessBase"]
[SourceDate "2015.07.17"]
[SourceVersion "1"]
[SourceVersionDate "2015.07.17"]
[SourceQuality "1"]

1. e4 c5 2. Nf3 e6 3. d4 cxd4 4. Nxd4 a6 5. c4 Nf6 6. Nc3 Bb4 7. Qf3 Qc7 8. Bg5 Qe5 9. Bxf6 gxf6 10. Nde2 b5 11. a3 Be7 12. cxb5 axb5 13. Rc1 b4 14. Nd5 Nc6 15. Nb6 bxa3 16. Nxa8 Bb4+ 17. Kd1 Qd6+ 0-1